[Event "Online Olym Div2 A 2020"]
[Site "chess.com INT"]
[Date "2020.08.16"]
[Round "7.4"]
[Board "6"]
[White "Mordido, Kylen Joy"]
[Black "Krasteva, Beloslava"]
[Result "1/2-1/2"]
[WhiteTitle "WIM"]
[BlackTitle "FM"]
[WhiteElo "2014"]
[BlackElo "2296"]
[WhiteTeam "Philippines"]
[BlackTeam "Bulgaria"]
[WhiteFideId "5219086"]
[BlackFideId "2922029"]
[EventDate "2020.08.14"]
[EventType "team"]

1. c4 c5 2. Nf3 Nc6 3. d4 cxd4 4. Nxd4 Nf6 5. Nc3 e6 6. e4 Bb4 7. Nxc6 bxc6 8.
Bd3 e5 9. O-O O-O 10. Bg5 a5 11. Rc1 h6 12. Bh4 Re8 13. Qe2 Bc5 14. Nd1 Rb8 15.
Ne3 d6 16. Kh1 a4 17. Rb1 Bd4 18. f3 Be6 19. Ng4 Bxg4 20. fxg4 g5 21. Bf2 Bxf2
22. Qxf2 Kg7 23. Bc2 Qe7 24. Qf3 Rb4 25. Qc3 Reb8 26. a3 R4b6 27. h3 Ra6 28. Rf5
Nd7 29. Rbf1 f6 30. R5f2 Rf8 31. Rd1 Nc5 32. Qd2 Rd8 33. Rdf1 Rf8 34. Rd1 Rd8
35. Rdf1 Rf8 36. Qe3 Ne6 37. g3 Nd4 38. Qd3 c5 39. Bd1 Ra7 40. Qc3 Qe6 41. Kh2
Qe7 42. Kh1 Qe6 43. Kh2 Qe7 44. Kh1 1/2-1/2

[Event "Online Olym Div2 A 2020"]
[Site "chess.com INT"]
[Date "2020.08.16"]
[Round "7.5"]
[Board "1"]
[White "Murshed, Niaz"]
[Black "Atabayev, Yusup"]
[Result "1/2-1/2"]
[WhiteTitle "GM"]
[BlackTitle "IM"]
[WhiteElo "2404"]
[BlackElo "2415"]
[WhiteTeam "Bangladesh"]
[BlackTeam "Turkmenistan"]
[WhiteFideId "10200010"]
[BlackFideId "14001128"]
[EventDate "2020.08.14"]
[EventType "team"]

1. Nf3 Nf6 2. c4 e6 3. Nc3 d5 4. d4 Be7 5. Bg5 O-O 6. e3 b6 7. Bd3 Bb7 8. O-O
Nbd7 9. Qe2 Ne4 10. Bxe7 Nxc3 11. Bxh7+ Kh8 12. bxc3 Qxe7 13. Bd3 f5 14. cxd5
exd5 15. g3 g5 16. h4 g4 17. Ng5 Rae8 18. Rae1 Qd6 19. Kh2 c5 20. f3 Nf6 21. Qg2
Bc8 22. Kh1 Nh5 23. Kh2 Nf6 24. Kg1 Kg7 25. fxg4 fxg4 26. Bb1 Nh5 27. Rxf8 1/2-1/2

[Event "Online Olym Div2 A 2020"]
[Site "chess.com INT"]
[Date "2020.08.16"]
[Round "7.5"]
[Board "2"]
[White "Atabayev, Saparmyrat"]
[Black "Rahman, Ziaur"]
[Result "1/2-1/2"]
[WhiteTitle "IM"]
[BlackTitle "GM"]
[WhiteElo "2425"]
[BlackElo "2415"]
[WhiteTeam "Turkmenistan"]
[BlackTeam "Bangladesh"]
[WhiteFideId "14000571"]
[BlackFideId "10200037"]
[EventDate "2020.08.14"]
[EventType "team"]

1. e4 c5 2. Nf3 d6 3. d4 cxd4 4. Nxd4 Nf6 5. Nc3 Nc6 6. Bg5 e6 7. Qd2 a6 8.
O-O-O Bd7 9. f4 b5 10. Nxc6 Bxc6 11. Bd3 Be7 12. Qe1 Qc7 13. Kb1 h6 14. Bxf6
gxf6 15. Ne2 Qb6 16. f5 e5 17. Ng3 O-O-O 18. Qe2 Kb7 19. c4 Rc8 20. Nf1 h5 21.
Ne3 Bf8 22. cxb5 axb5 23. Bc2 Bh6 24. Nd5 Bxd5 25. Rxd5 Rc5 26. Rhd1 Rhc8 27.
Rxd6 Qa5 28. R6d5 h4 29. a3 b4 30. Rxc5 Qxc5 31. axb4 Qxb4 32. Qd3 Qc4 33. Qxc4
Rxc4 34. Bb3 Rd4 35. Rxd4 exd4 36. g3 hxg3 37. hxg3 Kc6 38. Kc2 Kc5 39. Bxf7 Be3
40. e5 fxe5 41. Kd3 Bg5 42. g4 Bf6 43. Be6 Bg5 44. Bc8 Bf6 45. Bb7 Bg5 46. Be4
Bf6 47. Bf3 Bg5 48. Be2 Bf6 49. Bd1 Bg5 50. Ke4 Bf6 51. g5 Bxg5 52. Kxe5 d3 53.
f6 Bc1 54. b3 Bb2+ 55. Ke6 Kb4 56. Ke7 Kc3 57. Ke6 Ba3 58. f7 Kd2 59. Bg4 Kc2
60. Bf5 Kxb3 61. Bxd3 Kc3 62. f8=Q Bxf8 1/2-1/2

[Event "Online Olym Div2 A 2020"]
[Site "chess.com INT"]
[Date "2020.08.16"]
[Round "8.1"]
[Board "5"]
[White "Degenbaev, Aziz"]
[Black "Nurmamedov, Azat"]
[Result "1/2-1/2"]
[BlackTitle "FM"]
[WhiteElo "1816"]
[BlackElo "2382"]
[WhiteTeam "Kyrgyzstan"]
[BlackTeam "Turkmenistan"]
[WhiteFideId "13802640"]
[BlackFideId "14003937"]
[EventDate "2020.08.14"]
[EventType "team"]

1. c4 Nf6 2. Nc3 c5 3. g3 g6 4. Bg2 Bg7 5. d3 O-O 6. h4 h5 7. Nh3 Nc6 8. Bg5 d6
9. Qd2 Bd7 10. Bh6 Bh8 11. Bxf8 Qxf8 12. O-O Nd4 13. Nf4 Ng4 14. Rab1 Rb8 15. b4
b6 16. bxc5 dxc5 17. Ne4 Bg7 18. Nd5 e6 19. Ndc3 Rd8 20. a4 Bh6 21. Qa2 f5 22.
Nd2 Nc6 23. Nf3 Qf6 24. Nb5 f4 25. Qb2 Qe7 26. gxf4 Bxf4 27. e3 Bb8 28. d4 Rf8
29. Ng5 a6 30. d5 Nce5 31. d6 Qd8 32. Nc7 Bxc7 33. dxc7 Qe7 34. f4 Nf7 35. Qc2
Kg7 36. Qc3+ Kg8 37. Qd3 Kg7 38. Nf3 Bxa4 39. Rxb6 Rc8 40. Rxa6 Bd7 41. Ng5 Rxc7
42. Rd1 Bc8 43. Ra8 Rd7 44. Qc3+ Nf6 45. Rxd7 Qxd7 46. Ne4 e5 47. Nxf6 Kxf6 48.
e4 Bb7 49. fxe5+ Nxe5 50. Rf8+ Ke7 51. Qxe5+ Kxf8 52. Qxc5+ Kg7 53. Qe5+ Kh7 54.
c5 Bc6 55. Qd6 Qb7 56. Kh2 Bxe4 57. c6 Bxc6 58. Bxc6 Qf7 59. Bg2 Kg7 60. Kg3 Qf6
61. Qc7+ Kh8 62. Be4 Qf1 63. Qd8+ Kg7 64. Qe7+ Qf7 65. Qe5+ Qf6 66. Qg5 Qd6+ 67.
Kf3 Qa3+ 68. Kf4 Qc1+ 69. Ke5 Qc5+ 70. Bd5 Qc7+ 71. Ke4 Qc2+ 72. Kf4 Qd2+ 73.
Ke5 Qc3+ 74. Ke6 Qc8+ 75. Kd6 Qb8+ 76. Kc5 Qa7+ 77. Kb5 Qc7 78. Bc6 Qd6 79. Qe3
Qf6 80. Qe4 Qd6 81. Bd5 Kf6 82. Kc4 Qa6+ 83. Kd4 Qa4+ 84. Bc4 Qa1+ 85. Kd5 Qa8+
86. Kd4 Qa1+ 87. Ke3 Qe1+ 88. Be2 Qg3+ 89. Kd2 Qd6+ 90. Bd3 Qh2+ 91. Kd1 Qg1+
92. Kc2 Qc5+ 93. Bc4 Qf5 94. Kd3 Qxe4+ 95. Kxe4 g5 96. hxg5+ Kxg5 97. Kf3 h4 98.
Kg2 h3+ 99. Kxh3 1/2-1/2

[Event "Online Olym Div2 A 2020"]
[Site "chess.com INT"]
[Date "2020.08.16"]
[Round "8.2"]
[Board "5"]
[White "Concio, Michael Jr."]
[Black "Mohammad Fahad, Rahman"]
[Result "1/2-1/2"]
[BlackTitle "IM"]
[WhiteElo "2297"]
[BlackElo "2319"]
[WhiteTeam "Philippines"]
[BlackTeam "Bangladesh"]
[WhiteFideId "5217873"]
[BlackFideId "10207791"]
[EventDate "2020.08.14"]
[EventType "team"]

1. c4 c6 2. Nf3 Nf6 3. b3 d5 4. Bb2 Bf5 5. g3 e6 6. Bg2 h6 7. O-O Nbd7 8. d3 Bd6
9. e4 Bg4 10. cxd5 cxd5 11. exd5 O-O 12. h3 Bxf3 13. Bxf3 Nxd5 14. Bxd5 exd5 15.
Nc3 Nf6 16. Qf3 Be5 17. Rfe1 Re8 18. Qf5 g6 19. Qf3 Rc8 20. d4 Bxd4 21. Rxe8+
Nxe8 22. Rd1 Qf6 23. Qxf6 Bxf6 24. Nxd5 Bd8 25. Re1 Ng7 26. Ne7+ Bxe7 27. Rxe7
Rc2 28. Bf6 Rxa2 29. Rxb7 g5 30. Bd4 a6 31. Rb8+ Kh7 32. Rf8 Ne6 33. Rxf7+ Kg8
34. Rd7 Rd2 35. Rd6 Nxd4 36. Rxa6 Kg7 37. Ra7+ Kf6 38. Ra6+ Ne6 39. b4 Rb2 40.
Rb6 h5 41. Kg2 Rb3 42. b5 Ke7 43. Rb7+ Kd6 44. Rh7 h4 45. b6 hxg3 46. fxg3 Rxb6
47. Kf3 Ke5 48. Kg4 Rb4+ 49. Kh5 Rb3 50. Kg4 Kf6 51. Rh6+ Kf7 52. h4 Rb4+ 53.
Kf5 gxh4 54. Rxh4 Rb5+ 55. Ke4 Kg6 56. Kd3 Rb3+ 57. Kc2 Rxg3 58. Ra4 Kf5 59. Ra8
Ke4 60. Re8 Kd5 61. Kd2 Nf4 62. Rd8+ Ke4 63. Re8+ Kd4 64. Rd8+ Nd5 65. Ke2 Ra3
66. Kf2 Ke4 67. Re8+ Kf5 68. Rf8+ Nf6 69. Ke2 Ke5 70. Kd2 Nd5 71. Re8+ Kd4 72.
Ke2 Ra2+ 73. Kf3 Nf6 74. Rd8+ Ke5 75. Rb8 Ra3+ 76. Ke2 Kf4 77. Rf8 Ke5 78. Rb8
Nd5 79. Re8+ Kd4 80. Kf2 Ra5 81. Kf3 Ra1 82. Kf2 Nf4 83. Rd8+ Kc3 84. Ke3 Ng2+
85. Kf3 Ne1+ 86. Ke2 Nc2 87. Rc8+ Kb2 88. Kd2 Nd4 89. Rb8+ Nb3+ 90. Ke2 Ra5 91.
Kf3 Kc3 92. Ke4 Rh5 93. Rc8+ Nc5+ 94. Kf3 Kd2 95. Rd8+ Kc3 96. Rc8 Kd4 97. Rd8+
Ke5 98. Ra8 Rh3+ 99. Ke2 Ne6 100. Re8 Kd5 101. Kf2 Nf4 102. Rd8+ Ke4 103. Re8+
Kd4 104. Rd8+ Nd5 105. Ra8 Rh7 106. Rd8 Rf7+ 107. Ke2 Rf6 1/2-1/2

[Event "Online Olym Div2 A 2020"]
[Site "chess.com INT"]
[Date "2020.08.16"]
[Round "8.3"]
[Board "6"]
[White "Krasteva, Beloslava"]
[Black "Fisabilillah, Ummi"]
[Result "0-1"]
[WhiteTitle "FM"]
[BlackTitle "WIM"]
[WhiteElo "2296"]
[BlackElo "2159"]
[WhiteTeam "Bulgaria"]
[BlackTeam "Indonesia"]
[WhiteFideId "2922029"]
[BlackFideId "7104804"]
[EventDate "2020.08.14"]
[EventType "team"]

1. d4 Nf6 2. c4 e6 3. Nc3 Bb4 4. e3 b6 5. Ne2 Bb7 6. a3 Be7 7. d5 e5 8. e4 d6 9.
Ng3 Nbd7 10. Bd3 O-O 11. O-O Re8 12. b4 Nf8 13. Be3 N6d7 14. Qd2 Ng6 15. Na4 a5
16. c5 dxc5 17. bxc5 Nxc5 18. Nxc5 bxc5 19. Bb5 Rf8 20. Rfc1 h6 21. Nf5 Bd6 22.
Bxc5 Ne7 23. Nxd6 cxd6 24. Be3 Ng6 25. Rab1 Rc8 26. Rxc8 Bxc8 27. Bd3 f5 28. Bb6
Qf6 29. Bxa5 fxe4 30. Bxe4 Bf5 31. Bxf5 Qxf5 32. Rb6 Nf4 33. Rxd6 Qg4 34. f3
Nh3+ 35. Kh1 Rxf3 36. Rd8+ Kh7 37. Qe2 Nf2+ 38. Kg1 Nh3+ 39. Kh1 Qd4 40. Qc2+ e4
41. Qc1 Rd3 42. gxh3 Rd1+ 43. Qxd1 Qxd1+ 44. Kg2 Qf3+ 45. Kg1 e3 46. Re8 Qf2+
47. Kh1 Qf1# 0-1

[Event "Online Olym Div2 A 2020"]
[Site "chess.com INT"]
[Date "2020.08.16"]
[Round "8.4"]
[Board "6"]
[White "Lim, Cassandra"]
[Black "Schneider, Jana"]
[Result "1/2-1/2"]
[WhiteTitle "WFM"]
[BlackTitle "FM"]
[WhiteElo "1919"]
[BlackElo "2270"]
[WhiteTeam "Australia"]
[BlackTeam "Germany"]
[WhiteFideId "3219186"]
[BlackFideId "12924997"]
[EventDate "2020.08.14"]
[EventType "team"]

1. d4 Nf6 2. c4 e6 3. Nc3 Bb4 4. e3 O-O 5. Ne2 Re8 6. a3 Bf8 7. Ng3 d5 8. Bd3 b6
9. O-O Bb7 10. Re1 Nbd7 11. e4 dxe4 12. Ncxe4 c5 13. Be3 Rc8 14. Rc1 Nxe4 15.
Nxe4 cxd4 16. Bxd4 Nc5 17. Bxc5 Bxc5 18. b4 Bf8 19. Qe2 Qh4 20. Red1 Red8 21.
Ng3 Ba6 22. b5 Bb7 23. a4 Bc5 24. Qh5 Qxh5 25. Nxh5 Rd6 26. Be2 Rcd8 27. Ng3 f5
28. Rxd6 Bxd6 29. Rd1 Kf7 30. Bd3 g6 31. Ne2 Bc5 32. Nc3 Ke7 33. Kf1 Bb4 34. Na2
Bd6 35. h3 Bc5 36. f3 Rd7 37. Bc2 Rc7 38. Bd3 Bd6 39. Ke2 Rc5 40. Nc1 Re5+ 41.
Kf1 Rc5 42. Nb3 Rc7 43. Re1 Bb4 44. Re2 Rd7 45. Bc2 Kf6 46. Kf2 e5 47. Nc1 Rd2
48. Rxd2 Bxd2 49. Nb3 Bb4 50. Ke3 Ke6 51. Bd3 Kd6 52. Bc2 Bc8 53. Bd3 Be6 54.
Be2 Bf7 55. Bd3 Bc5+ 56. Ke2 e4 57. Nxc5 exd3+ 58. Nxd3 Bxc4 59. Ke3 Bxd3 60.
Kxd3 Kd5 61. f4 Kc5 62. Kc3 Kd5 63. Kd3 h6 64. h4 h5 65. g3 Kc5 66. Kc3 1/2-1/2

[Event "Online Olym Div2 A 2020"]
[Site "chess.com INT"]
[Date "2020.08.16"]
[Round "8.5"]
[Board "1"]
[White "Kovalev, Vladislav"]
[Black "Michiels, Bart"]
[Result "1/2-1/2"]
[WhiteTitle "GM"]
[BlackTitle "GM"]
[WhiteElo "2648"]
[BlackElo "2567"]
[WhiteTeam "Belarus"]
[BlackTeam "Belgium"]
[WhiteFideId "13504398"]
[BlackFideId "202967"]
[EventDate "2020.08.14"]
[EventType "team"]

1. e4 d6 2. d4 Nf6 3. Nc3 e5 4. Nf3 Nbd7 5. Bc4 Be7 6. O-O O-O 7. a4 a5 8. Re1
Nb6 9. Bb3 exd4 10. Nxd4 Nfd7 11. Qf3 Bf6 12. Ndb5 Ne5 13. Qd1 Be6 14. f4 Ned7
15. Be3 Nc4 16. Bxc4 Bxc4 17. Bd4 Bxb5 18. axb5 Re8 19. Qd2 Bxd4+ 20. Qxd4 Qf6
21. e5 Qg6 22. Qd2 Nb6 23. exd6 Red8 24. Ne4 Nc4 25. Qd5 Nxd6 26. Nxd6 Rxd6 27.
Qxb7 Rad8 28. Qe4 Qxe4 29. Rxe4 Rd2 30. Rae1 g5 31. Rc4 gxf4 32. Rxc7 R8d5 33.
Ree7 Rg5 34. Rxf7 Rgxg2+ 35. Kh1 Rxh2+ 36. Kg1 Rhg2+ 37. Kh1 Rh2+ 38. Kg1 Rhg2+
39. Kh1 Rh2+ 1/2-1/2

[Event "Online Olym Div2 A 2020"]
[Site "chess.com INT"]
[Date "2020.08.16"]
[Round "8.5"]
[Board "2"]
[White "Lenaerts, Lennert"]
[Black "Aleksandrov, Aleksej"]
[Result "1/2-1/2"]
[WhiteTitle "FM"]
[BlackTitle "GM"]
[WhiteElo "2357"]
[BlackElo "2608"]
[WhiteTeam "Belgium"]
[BlackTeam "Belarus"]
[WhiteFideId "211435"]
[BlackFideId "13500139"]
[EventDate "2020.08.14"]
[EventType "team"]

1. d4 Nf6 2. c4 e6 3. Nc3 Bb4 4. g3 O-O 5. Bg2 d5 6. Nf3 dxc4 7. O-O Nc6 8. Qa4
Nd5 9. Qc2 Be7 10. Rd1 Nb6 11. e4 Bd7 12. Qe2 Re8 13. Be3 Bf8 14. Nd2 e5 15.
dxe5 Nxe5 16. Bxb6 axb6 17. Nxc4 Nxc4 18. Qxc4 Bd6 19. Rd2 Qg5 20. f4 Qc5+ 21.
Qxc5 Bxc5+ 22. Kh1 Bc6 23. e5 1/2-1/2

[Event "Online Olym Div2 A 2020"]
[Site "chess.com INT"]
[Date "2020.08.16"]
[Round "8.5"]
[Board "3"]
[White "Badelka, Olga"]
[Black "Cuvelier, Annelies"]
[Result "1/2-1/2"]
[WhiteTitle "IM"]
[WhiteElo "2427"]
[BlackElo "1896"]
[WhiteTeam "Belarus"]
[BlackTeam "Belgium"]
[WhiteFideId "13509926"]
[BlackFideId "213950"]
[EventDate "2020.08.14"]
[EventType "team"]

1. c4 e5 2. g3 Nf6 3. Bg2 d5 4. cxd5 Nxd5 5. Nf3 Nc6 6. O-O Nb6 7. b3 Be6 8. Bb2
f6 9. d4 e4 10. Ne1 f5 11. f3 Nd5 12. Qc1 exf3 13. Nxf3 Be7 14. Na3 O-O 15. Nc4
f4 16. e4 fxe3 17. Nxe3 Nxe3 18. Qxe3 Bd5 19. Rad1 Qd6 20. Qd2 Rae8 21. Ne5 Bxg2
22. Qxg2 Nxe5 23. dxe5 Rxf1+ 24. Qxf1 Qb4 25. Qc4+ Qxc4 26. bxc4 Bc5+ 27. Kg2
Kf7 28. Kf3 Ke6 29. Ke4 Rf8 30. Rd2 g6 31. Re2 Rf1 32. Rd2 Re1+ 33. Kf3 Rf1+ 34.
Ke4 Re1+ 35. Kf3 Rf1+ 36. Ke4 1/2-1/2

[Event "Online Olym Div2 A 2020"]
[Site "chess.com INT"]
[Date "2020.08.16"]
[Round "9.2"]
[Board "3"]
[White "Ryjanova, Julia"]
[Black "Ziaziulkina, Nastassia"]
[Result "1/2-1/2"]
[WhiteTitle "WGM"]
[BlackTitle "IM"]
[WhiteElo "2299"]
[BlackElo "2373"]
[WhiteTeam "Australia"]
[BlackTeam "Belarus"]
[WhiteFideId "4127714"]
[BlackFideId "13505211"]
[EventDate "2020.08.14"]
[EventType "team"]

1. d4 d5 2. c4 c6 3. Nc3 Nf6 4. e3 e6 5. a3 a5 6. Bd3 dxc4 7. Bxc4 b5 8. Bd3 Bb7
9. Nf3 Nbd7 10. e4 b4 11. Na4 Be7 12. O-O Ba6 13. Bxa6 Rxa6 14. Bg5 h6 15. Bxf6
Bxf6 16. Qe2 Qa8 17. Rfc1 O-O 18. e5 Be7 19. Nd2 Qb7 20. Ne4 Qb5 1/2-1/2

[Event "Online Olym Div2 A 2020"]
[Site "chess.com INT"]
[Date "2020.08.16"]
[Round "9.4"]
[Board "5"]
[White "Mohammad Fahad, Rahman"]
[Black "Arfan, Aditya Bagus"]
[Result "1/2-1/2"]
[WhiteTitle "IM"]
[BlackTitle "CM"]
[WhiteElo "2319"]
[BlackElo "2274"]
[WhiteTeam "Bangladesh"]
[BlackTeam "Indonesia"]
[WhiteFideId "10207791"]
[BlackFideId "7106041"]
[EventDate "2020.08.14"]
[EventType "team"]

1. e4 c6 2. d4 d5 3. e5 c5 4. dxc5 Nc6 5. Nf3 e6 6. a3 a5 7. Be3 Nh6 8. c3 Nf5
9. Bd4 Bd7 10. Bb5 Nxe5 11. a4 Nc6 12. O-O Be7 13. Nbd2 O-O 14. Re1 f6 1/2-1/2

[Event "Online Olym Div2 A 2020"]
[Site "chess.com INT"]
[Date "2020.08.16"]
[Round "9.5"]
[Board "4"]
[White "Galas, Bernadette"]
[Black "Hallaeva, Bahar"]
[Result "1/2-1/2"]
[WhiteTitle "WIM"]
[BlackTitle "WFM"]
[WhiteElo "2065"]
[BlackElo "2166"]
[WhiteTeam "Philippines"]
[BlackTeam "Turkmenistan"]
[WhiteFideId "5208912"]
[BlackFideId "14000679"]
[EventDate "2020.08.14"]
[EventType "team"]

1. e4 e5 2. Nf3 Nc6 3. d4 exd4 4. Bc4 Nf6 5. Ng5 Ne5 6. Bb3 h6 7. f4 hxg5 8.
fxe5 Nxe4 9. Bxf7+ Kxf7 10. Qf3+ Nf6 11. O-O d5 12. exf6 gxf6 13. Bxg5 Be7 14.
Nd2 Qd6 15. Bf4 Qb6 16. Rae1 Be6 17. Nb3 Raf8 18. Be5 Ke8 19. Bxd4 Qd6 20. Qf4
Qxf4 21. Rxf4 Kd7 22. Bc5 Bd6 23. Bxd6 Kxd6 24. Nd4 Bd7 25. Nf5+ Bxf5 26. Rxf5
Rh4 27. g3 Rg4 28. Kg2 Rg5 29. Rf4 Re5 30. Ref1 Ke6 31. R1f2 c5 32. h4 f5 33. h5
Rh8 34. Rh4 Rh6 35. Kf3 Re4 36. Rfh2 Kf6 37. Rxe4 dxe4+ 38. Kf4 Rh8 39. g4 fxg4
40. Kxg4 Ke5 41. h6 Rg8+ 42. Kh5 Kf4 43. h7 Re8 44. Kg6 e3 45. h8=Q Rxh8 46.
Rxh8 e2 47. Re8 Kf3 48. Rf8+ Ke3 49. Re8+ Kd2 50. Kf5 e1=Q 51. Rxe1 Kxe1 52. Ke4
Kd2 53. c4 Kc2 54. Kd5 Kxb2 55. Kxc5 Kxa2 56. Kb5 Kb3 57. c5 Ka3 58. Ka5 Kb3 59.
Kb5 Ka3 60. Ka5 Ka2 61. Ka4 Kb2 62. Kb4 Kc2 63. Kc4 a6 64. Kb4 Kd3 65. Ka5 Kc4
66. Kb6 Kd5 67. Kxb7 Kxc5 68. Kxa6 1/2-1/2